000 00632nam a22001817a 4500
003 LK-CoDNM
005 20251230114004.0
008 251230b |||||||| |||| 00| 0 eng d
040 _aLK-CoDNM
_dLK-CoDNM
_eLK-CoDNM
041 _atam
080 _aTA
_b577
100 _aகாகஂகைதஂ தீவு இநஂது மனஂறமஂ
245 _aகாகஂகைதஂ தீவு இநஂது மனஂறதஂதினஂ யாபஂபு
260 _aColombo
_bகாகஂகைதஂ தீவு இநஂது மனஂறமஂ
300 _a24cm
650 _aயாபஂபு
942 _cBK
999 _c240548
_d240548